Inovačné aktivity kúpeľných podnikov na Slovensku

Nové trendy v kúpeľníctve. Druhy inovácií v kúpeľných službách a ich hodnotenie. Výsledky výskumu, ktorý hodnotil inovačnú aktivitu kúpeľných podnikov na Slovensku. Konkurenčná výhoda zamierená na kvalitu a klienta. Orientácia na technologické inovácie, na novú skupinu klientov - samoplatcov, na zd...

Full description

Saved in:
Bibliographic Details
Main Author: Kubičková, Viera, 1970-
Format: Book Chapter
Language:Slovak
Subjects:
Tags: Add Tag
No Tags, Be the first to tag this record!

MARC

LEADER 00000naa$a2200000$$$4500
001 0049364
005 20240502071553.7
041 0 |a slo 
044 |a SK 
245 1 0 |a Inovačné aktivity kúpeľných podnikov na Slovensku 
520 |a Nové trendy v kúpeľníctve. Druhy inovácií v kúpeľných službách a ich hodnotenie. Výsledky výskumu, ktorý hodnotil inovačnú aktivitu kúpeľných podnikov na Slovensku. Konkurenčná výhoda zamierená na kvalitu a klienta. Orientácia na technologické inovácie, na novú skupinu klientov - samoplatcov, na zdokonaľovanie metód produkcie, na outsourcing podporných činností a inováciu ľudských zdrojov. 
610 2 0 |a kúpeľníctvo 
610 2 0 |a ruch cestovný kúpeľný 
610 2 0 |a služby 
610 2 0 |a inovácia 
610 2 0 |a vývoj 
610 2 0 |a kvalita 
610 2 0 |a klienti 
610 2 0 |a starostlivosť o zákazníkov 
610 2 0 |a outsourcing 
610 2 0 |a zdroje ľudské 
100 1 |a Kubičková, Viera, 1970-